Random Knowledge Quiz #24 - Statistics

General Stats
  • This quiz has been taken 187 times
  • The average score is 6 of 15
Answer Stats
Question Answer % Correct
As of 2023, what is the best selling book series of all time? Harry Potter
80%
Which US state has the longest coastline? Alaska
79%
Which element makes bananas just slightly radioactive? Potassium
68%
According to some, the burning of which library set humanity back 1000 years? Library of Alexandria
64%
What are the five first numbers of Pi? 3.1415
59%
What is the first vegetable to be grown in space? Potato
55%
How many folds does a chef's hat have? 100
47%
Where is Point Nemo, the location that is farthest from land? Pacific Ocean
45%
What is the only temperature that is the same in both Celsius and Fahrenheit? Minus 40
35%
Name one of the two doubly-landlocked countries (all their neighbors are also landlocked countries). Liechtenstein and Uzbekistan
32%
Who bought the most expensive book ever sold, Leonardo Da Vinci's "Codex Leicester"? Bill Gates
21%
In The Hobbit, what is the answer to Bilbo's riddle: A box without hinges, key, or lid,Yet golden treasure inside is hid.? An egg
14%
Finish these lyrics: Einstein, James Dean, Brooklyn's got a winning team /Davy Crockett, Peter Pan, Elvis Presley... Disneyland
12%
Which country has made it illegal to own just one guinea pig? Switzerland
11%
What is the name of the Twitter logo bird? Larry
7%
No matching quizzes found
Score Distribution
Percent of People with Each Score
Percentile by Number Answered
Your Score History
You have not taken this quiz